Movies Quiz

Random Movies or Clickable Quiz

'Metacrappy' Movies Quiz Stats

 Plays Quiz not verified by Sporcle

Challenge
Share
Tweet
Embed
Score 0/20 Timer 04:00
0 Plays Today
% Correct
Yogi Bear
77.5%
From Justin to Kelly
75.2%
Spice World
74.8%
Showgirls
71.2%
The Cat in the Hat
68.9%
The Green Hornet
65.6%
Eragon
62.9%
A Night at the Roxbury
61.3%
Analyze That
60.3%
The Sweetest Thing
58.6%
% Correct
2 Fast 2 Furious
57.9%
Feeling Minnesota
53.3%
The Replacements
49%
Billy Madison
48.7%
Runaway Bride
46.4%
Ace Ventura: Pet Detective
45.4%
Clue
44.4%
Flashdance
37.1%
Scrooged
36.8%
Basic Instinct
31.8%

You're not logged in!

Compare scores with friends on all Sporcle quizzes.
OR
Log In

You Might Also Like...

Show Comments

Extras

Top Quizzes Today


Score Distribution

Your Account Isn't Verified!

In order to create a playlist on Sporcle, you need to verify the email address you used during registration. Go to your Sporcle Settings to finish the process.

Report this User

Report this user for behavior that violates our Community Guidelines.

Details: